Religion in Colombia - Statistics

General Stats
  • This quiz has been taken 38 times
  • The average score is 4 of 6
Answer Stats
Percent Religion % Correct
79% Catholic
100%
6% Other Protestant
74%
6% Pentecostal
74%
2% Protestant
74%
2% Other
49%
5% Unknown
43%
No matching quizzes found
Score Distribution
Percent of People with Each Score
Percentile by Number Answered
Your Score History
You have not taken this quiz